00804nam a2200193 a 4500003000200000005001700002008004100019050002800060100002500088245008300113260009300196300004600289504004100335650004600376650004400422650006200466650004600528650003600574020250306091231.0090706s19uu xx uuu eng d aPGS LB 1585b.M539 2009 aMendoza, Carolyne X. aScience laboratory activities and academic performance /cCarolyne X. Mendoza. aLas Piñas City, Philippines : bSouthville International School and Colleges, c2009. a24 pages : billustrations ; c28 cm.  aIncludes bibliographical references. aSciencevStudy and teaching (Elementary). aScience laboratoriesvEducational use.  aHands-on learning—Science educationvScience education. aAcademic achievementvScience education.  aExperiential learningvScience.